| Поле | Инд. | ПП | Название | Значение |
|---|---|---|---|---|
| Тип записи | a | |||
| Библиографический уровень | m | |||
| 001 | _ | Контрольный номер | RU\infra-m\znanium\bibl\1735645 | |
| 005 | _ | Дата корректировки | 20250915104052.6 | |
| 008 | Кодируемые данные | 210628s2021 RU g rus u | ||
| 020 | a | ISBN | 978-5-16-009527-1 | |
| 020 | a | ISBN | 978-5-16-100735-8 | |
| 040 | a | Служба первич. каталог. | Общество с ограниченной ответственностью «ЗНАНИУМ» | |
| 041 | a | Код языка текста | rus | |
| 044 | a | Код страны публикации | RU | |
| 080 | a | Индекс УДК | 330(075.8) | |
| 084 | 2 | Источник индекса | rubbk | |
| a | Индекс другой классификации/Индекс ББК | 65я73 | ||
| 084 | 2 | Источник индекса | okso | |
| a | Индекс другой классификации/Индекс ББК | 38.04.01 | ||
| 084 | 2 | Источник индекса | okso | |
| a | Индекс другой классификации/Индекс ББК | 38.03.01 | ||
| 084 | 2 | Источник индекса | okso | |
| a | Индекс другой классификации/Индекс ББК | 44.03.01 | ||
| 084 | 2 | Источник индекса | okso | |
| a | Индекс другой классификации/Индекс ББК | 44.03.04 | ||
| 100 | 1_ | a | Автор | Райзберг Борис Абрамович |
| q | Полное имя | Борис Абрамович | ||
| 245 | a | Заглавие | Курс экономики | |
| b | Продолж. заглавия | Учебник | ||
| c | Ответственность | Всероссийская академия внешней торговли Министерства экономического развития Российской Федерации; Всероссийская академия внешней торговли Министерства экономического развития Российской Федерации; Московская Школа Экономики | ||
| 250 | g | испр. | ||
| a | Основные сведения об издании | 5 | ||
| 260 | a | Место издания | Москва | |
| b | Издательство | ООО "Научно-издательский центр ИНФРА-М" | ||
| c | Дата издания | 2022 | ||
| 300 | a | Объем | 686 с. | |
| 520 | a | Аннотация | Настоящий учебник, созданный коллективом квалифицированных специалистов под руководством известного ученого-экономиста, отражает современные представления об экономических и социально-экономических объектах, процессах, отношениях на макро- и микроуровнях. | |
| 521 | a | Примеч. о целев. назн. | ВО - Бакалавриат | |
| 650 | a | Основная рубрика | Экономика. Бухгалтерский учет. Финансы | |
| x | Основная подрубрика | Общая экономическая теория | ||
| 700 | 1_ | a | Другие авторы | Стародубцева Елена Борисовна |
| q | Полное имя | Елена Борисовна | ||
| 852 | x | Примечание, не предназначенное для пользователя | znanium2022 | |
| 856 | 4_ | a | Имя сервера/домена | znanium.com |
| m | Помощь | ebs_support@infra-m.ru | ||
| n | Местонахождение сервера | НИЦ ИНФРА-М | ||
| u | URL | http://znanium.com/catalog/document?id=379628 | ||
| z | Примечание для пользователя | Участвует в КО | ||
| 856 | 41 | a | Имя сервера/домена | znanium.com |
| d | Путь | /cover/1735 | ||
| f | Электронное имя | 1735645.jpg | ||
| q | Тип электронного формата | image/jpeg | ||
| u | URL | https://znanium.com/cover/1735/1735645.jpg |